[Event "TCh-FRA Top 12 2021"]
[Site "Chalons en Champagne FRA"]
[Date "2021.06.25"]
[Round "2.2"]
[Board "8"]
[White "Janzelj, Lara"]
[Black "Auvray, Juliette"]
[Result "1-0"]
[WhiteTitle "WIM"]
[WhiteElo "2185"]
[BlackElo "2010"]
[WhiteTeam "Grasse Echecs"]
[BlackTeam "Club 608 Paris"]
[WhiteFideId "14608391"]
[BlackFideId "695904"]
[EventDate "2021.06.24"]

1. d4 Nf6 2. c4 c5 3. d5 b5 4. cxb5 a6 5. e3 e6 6. dxe6 fxe6 7. Nc3 d5 8. Nf3 c4
9. bxa6 Nxa6 10. Be2 Nc5 11. O-O Be7 12. Rb1 Nfe4 13. Nxe4 Nxe4 14. Qc2 Rxa2 15.
Bxc4 dxc4 16. Qxe4 Qd5 17. Qg4 O-O 18. e4 Qb5 19. e5 Bc5 20. Ng5 Qb6 21. Qh4 h6
22. Ne4 Bd4 23. Qg3 Kh7 24. h4 Ra5 25. Bf4 Bb7 26. Nd2 Bd5 27. b3 c3 28. Nc4
Bxc4 29. bxc4 Qc7 30. Qd3+ 1-0

[Event "TCh-FRA Top 12 2021"]
[Site "Chalons en Champagne FRA"]
[Date "2021.06.25"]
[Round "2.3"]
[Board "1"]
[White "Movsesian, Sergei"]
[Black "Kasimdzhanov, Rustam"]
[Result "1/2-1/2"]
[WhiteTitle "GM"]
[BlackTitle "GM"]
[WhiteElo "2647"]
[BlackElo "2662"]
[WhiteTeam "Asnieres Le Grand Echiquier"]
[BlackTeam "Vandoeuvre Echecs"]
[WhiteFideId "310204"]
[BlackFideId "14200244"]
[EventDate "2021.06.24"]

1. e4 e5 2. Nf3 Nc6 3. Bc4 Nf6 4. d3 Bc5 5. Nc3 h6 6. a3 d6 7. Be3 Bb6 8. h3 Be6
9. Bxe6 fxe6 10. Bxb6 axb6 11. d4 exd4 12. Nxd4 Qd7 13. O-O e5 14. Nf5 O-O 15.
f3 Kh7 16. Qd2 Nd8 17. Rad1 Ne6 18. Kh2 Rf7 19. Nd5 1/2-1/2

[Event "TCh-FRA Top 12 2021"]
[Site "Chalons en Champagne FRA"]
[Date "2021.06.25"]
[Round "2.3"]
[Board "2"]
[White "Solodovnichenko, Yuri"]
[Black "Moussard, Jules"]
[Result "1-0"]
[WhiteTitle "GM"]
[BlackTitle "GM"]
[WhiteElo "2546"]
[BlackElo "2635"]
[WhiteTeam "Vandoeuvre Echecs"]
[BlackTeam "Asnieres Le Grand Echiquier"]
[WhiteFideId "14104369"]
[BlackFideId "642908"]
[EventDate "2021.06.24"]

1. e4 c5 2. Nf3 d6 3. d4 cxd4 4. Nxd4 Nf6 5. Nc3 Nc6 6. Bg5 e6 7. Qd2 a6 8.
O-O-O Bd7 9. f3 Nxd4 10. Qxd4 h6 11. Be3 Bc6 12. Qd2 Be7 13. Kb1 b5 14. Ne2 e5
15. Ng3 Bd7 16. Bd3 Be6 17. f4 Qc7 18. Nf5 Bxf5 19. exf5 h5 20. Rhe1 O-O 21. h3
h4 22. Bf2 Nd7 23. fxe5 Nxe5 24. Re4 Qd8 25. Qe1 1-0

[Event "TCh-FRA Top 12 2021"]
[Site "Chalons en Champagne FRA"]
[Date "2021.06.25"]
[Round "2.3"]
[Board "3"]
[White "Delchev, Aleksander"]
[Black "Hamitevici, Vladimir"]
[Result "1/2-1/2"]
[WhiteTitle "GM"]
[BlackTitle "GM"]
[WhiteElo "2503"]
[BlackElo "2456"]
[WhiteTeam "Asnieres Le Grand Echiquier"]
[BlackTeam "Vandoeuvre Echecs"]
[WhiteFideId "2900394"]
[BlackFideId "13902393"]
[EventDate "2021.06.24"]

1. Nf3 Nf6 2. c4 b6 3. g3 Bb7 4. Bg2 g6 5. d4 Bg7 6. O-O O-O 7. d5 Ne4 8. Qc2 f5
9. Ng5 Nxg5 10. Bxg5 h6 11. Bd2 e5 12. Nc3 d6 13. b4 Nd7 14. a4 a5 15. bxa5 Rxa5
16. Nb5 Ra6 17. a5 Nc5 18. Ra3 Qd7 19. Rfa1 e4 20. Bc3 Bxc3 21. Qxc3 Bxd5 22.
axb6 Rxb6 23. Nxc7 Qxc7 24. cxd5 Qg7 25. f3 Rb2 26. Qxg7+ Kxg7 27. Ra7+ Rf7 28.
Kf2 Rxa7 29. Rxa7+ Kf6 30. fxe4 fxe4 31. h4 h5 32. Ra8 Ke5 33. Rg8 Kd4 34. Rxg6
Nd3+ 35. Kg1 Rxe2 36. Rxd6 Re1+ 37. Kh2 Ne5 38. Ra6 Kxd5 39. g4 Nxg4+ 40. Kg3
Ne5 41. Ra5+ Kd4 42. Ra4+ Nc4 43. Kf2 Rc1 44. Bf1 e3+ 45. Ke2 Rb1 46. Ra2 Rb4
47. Bh3 Ne5 48. Bf5 Rb6 49. Bh7 Nc4 50. Bg8 Rb4 51. Bxc4 Rxc4 52. Kf3 Rc8 53.
Ra4+ Kd3 54. Ra3+ Kd2 55. Ra2+ Kd3 56. Ra3+ Kd2 57. Ra2+ 1/2-1/2

[Event "TCh-FRA Top 12 2021"]
[Site "Chalons en Champagne FRA"]
[Date "2021.06.25"]
[Round "2.3"]
[Board "4"]
[White "Brunner, Nicolas"]
[Black "Degraeve, Jean-Marc"]
[Result "1/2-1/2"]
[WhiteTitle "IM"]
[BlackTitle "GM"]
[WhiteElo "2418"]
[BlackElo "2527"]
[WhiteTeam "Vandoeuvre Echecs"]
[BlackTeam "Asnieres Le Grand Echiquier"]
[WhiteFideId "620246"]
[BlackFideId "600270"]
[EventDate "2021.06.24"]

1. d4 Nf6 2. c4 g6 3. Nc3 Bg7 4. e4 d6 5. Nf3 O-O 6. Be2 c5 7. O-O Bg4 8. d5 e6
9. h3 Bxf3 10. Bxf3 exd5 11. exd5 Nbd7 12. Qc2 Ne8 13. Bd2 a6 14. Be2 Qh4 15. f4
Bd4+ 16. Kh2 Ng7 17. g3 Qe7 18. Rae1 f5 19. a4 Rae8 20. Bf3 Qd8 21. b3 Rxe1 22.
Rxe1 Re8 23. Qd1 h5 24. Rxe8+ Qxe8 25. Qe2 Qd8 26. Qd3 Bf6 27. Qe3 Bd4 28. Qd3
Bf6 29. Nd1 a5 30. Ne3 Bd4 31. Kg2 b6 32. Nc2 Bb2 33. Ne3 Bd4 34. Nc2 Bb2 35.
Ne3 1/2-1/2

[Event "TCh-FRA Top 12 2021"]
[Site "Chalons en Champagne FRA"]
[Date "2021.06.25"]
[Round "2.3"]
[Board "6"]
[White "Savina, Anastasia"]
[Black "Cornette, Matthieu"]
[Result "0-1"]
[WhiteTitle "IM"]
[BlackTitle "GM"]
[WhiteElo "2333"]
[BlackElo "2566"]
[WhiteTeam "Vandoeuvre Echecs"]
[BlackTeam "Asnieres Le Grand Echiquier"]
[WhiteFideId "4196872"]
[BlackFideId "620084"]
[EventDate "2021.06.24"]

1. d4 Nf6 2. c4 g6 3. Nc3 Bg7 4. e4 d6 5. h3 Nbd7 6. g4 e5 7. d5 Nc5 8. Bg2 h5
9. b4 Na6 10. g5 Nh7 11. Nf3 O-O 12. a3 f6 13. gxf6 Rxf6 14. Ng5 Qf8 15. Ra2 Bh6
16. h4 Bg4 17. Qd3 Bxg5 18. hxg5 Rf7 19. Be3 Bf3 20. Bxf3 Rxf3 21. Qe2 Rf7 22.
Rc2 Qe7 23. Rg1 Raf8 24. Nb5 c5 25. dxc6 bxc6 26. Nxa7 Nb8 27. b5 c5 28. b6 Qb7
29. Nb5 Qxb6 30. Rd2 Rd8 31. Qd1 Rfd7 32. f4 exf4 33. Bxf4 Re7 34. Bxd6 Rxe4+
35. Kf1 Qb7 36. Bxb8 Rxb8 37. Rd8+ Rxd8 38. Qxd8+ Kg7 39. Qc7+ Qxc7 40. Nxc7
Rxc4 41. Ke2 Kf7 42. Rf1+ Ke7 43. Nd5+ Kd6 44. Ne3 Re4 45. Kd3 Rd4+ 46. Kc3 Ke5
47. Rg1 0-1

[Event "TCh-FRA Top 12 2021"]
[Site "Chalons en Champagne FRA"]
[Date "2021.06.25"]
[Round "2.3"]
[Board "7"]
[White "Vaisser, Anatoly"]
[Black "Mathieu, Phileas"]
[Result "1-0"]
[WhiteTitle "GM"]
[BlackTitle "FM"]
[WhiteElo "2501"]
[BlackElo "2240"]
[WhiteTeam "Asnieres Le Grand Echiquier"]
[BlackTeam "Vandoeuvre Echecs"]
[WhiteFideId "603252"]
[BlackFideId "36048410"]
[EventDate "2021.06.24"]

1. d4 Nf6 2. c4 g6 3. Nc3 d5 4. cxd5 Nxd5 5. Bd2 Bg7 6. e4 Nb6 7. Be3 O-O 8. Qd2
Nc6 9. Rd1 e5 10. dxe5 Qxd2+ 11. Rxd2 Bxe5 12. Nf3 Bxc3 13. bxc3 Re8 14. Bb5
Rxe4 15. Bxc6 bxc6 16. Rd8+ Kg7 17. O-O Ba6 18. Rxa8 Nxa8 19. Re1 Kg8 20. Rd1
Nb6 21. Rd8+ Kg7 22. Ng5 Re7 23. Bd4+ f6 24. Nf3 Bc4 25. a3 Bd5 26. Rb8 Nc4 27.
Bc5 Re2 28. Rb7 Rc2 29. Rxc7+ Kg8 30. Rc8+ Kg7 31. Rc7+ Kg8 32. h3 Bxf3 33. gxf3
Rxc3 34. Rxa7 Rxf3 35. Kg2 Rf5 36. Bb4 Nb2 37. Bd2 h5 38. a4 Nd3 39. Be3 Nf4+
40. Kf1 Nd5 41. Bh6 g5 42. a5 Nb4 43. a6 Nxa6 44. Rxa6 c5 45. Ra8+ Kh7 46. Bf8
c4 47. Ra7+ Kg8 48. Bb4 Rf3 49. Kg2 Rb3 50. Bc5 Rd3 51. Rc7 g4 52. hxg4 hxg4 53.
Be3 c3 54. Kg3 f5 55. Rc5 Kf7 56. Rxf5+ Ke6 57. Rc5 Kd6 58. Rc8 Kd5 1-0

[Event "TCh-FRA Top 12 2021"]
[Site "Chalons en Champagne FRA"]
[Date "2021.06.25"]
[Round "2.3"]
[Board "8"]
[White "Steil-Antoni, Fiona"]
[Black "Guichard, Pauline"]
[Result "0-1"]
[WhiteTitle "WIM"]
[BlackTitle "IM"]
[WhiteElo "2129"]
[BlackElo "2413"]
[WhiteTeam "Vandoeuvre Echecs"]
[BlackTeam "Asnieres Le Grand Echiquier"]
[WhiteFideId "4001249"]
[BlackFideId "639370"]
[EventDate "2021.06.24"]

1. e4 e5 2. Nf3 Nc6 3. Bc4 Nf6 4. d4 exd4 5. e5 Ne4 6. Qe2 Nc5 7. O-O Ne6 8. Rd1
d5 9. Bb5 Bc5 10. c3 O-O 11. Bxc6 bxc6 12. cxd4 Bb6 13. Nc3 f6 14. Na4 fxe5 15.
Nxb6 axb6 16. Qxe5 Qd7 17. a3 Ba6 18. Qg3 c5 19. Be3 cxd4 20. Nxd4 c5 21. Nxe6
Qxe6 22. Re1 Qf6 23. Bg5 Qxb2 24. Rab1 Qc2 25. Rxb6 Rae8 26. f3 Qc3 27. Rc1 Qxa3
28. Qd6 Bc4 29. Rb7 Qa6 30. Qd7 Qg6 31. Be7 Rxf3 32. Bxc5 Rf4 33. h3 Rfe4 34.
Rc3 Re2 35. Qg4 Qxg4 36. hxg4 R2e4 37. g5 Rg4 38. Re3 Rxe3 39. Bxe3 d4 40. Rb8+
Kf7 41. Bc1 Bd5 42. Rb2 Ke6 43. Kh2 d3 44. Kh3 Rc4 45. Bd2 Kf5 46. Kg3 Rg4+ 47.
Kf2 Rxg2+ 48. Ke3 Bc4 49. Kd4 Rg4+ 50. Kc3 Ba6 51. Ra2 Rc4+ 52. Kb3 Rc6 53. Ra4
Rc2 54. Bc3 Bb7 55. Rd4 Be4 56. Rd7 Kxg5 57. Rxg7+ Bg6 58. Rd7 h5 59. Rd6 Bf5
60. Bf6+ Kf4 61. Rd4+ Ke3 62. Rd6 Ke2 63. Rd8 Be6+ 64. Kb4 d2 0-1

[Event "TCh-FRA Top 12 2021"]
[Site "Chalons en Champagne FRA"]
[Date "2021.06.25"]
[Round "2.4"]
[Board "1"]
[White "Grandelius, Nils"]
[Black "Mamedov, Rauf"]
[Result "1-0"]
[WhiteTitle "GM"]
[BlackTitle "GM"]
[WhiteElo "2670"]
[BlackElo "2654"]
[WhiteTeam "Echiquier Chalonnais"]
[BlackTeam "C'Chartres Echecs"]
[WhiteFideId "1710400"]
[BlackFideId "13401653"]
[EventDate "2021.06.24"]

1. e4 c5 2. Nf3 d6 3. Bb5+ Bd7 4. Bxd7+ Qxd7 5. O-O Nf6 6. Qe2 Nc6 7. c3 e6 8.
d4 cxd4 9. cxd4 d5 10. e5 Ne4 11. Nbd2 Nxd2 12. Bxd2 Be7 13. g3 O-O 14. Kg2 Rac8
15. h4 f6 16. exf6 Bxf6 17. Bc3 Ne7 18. Bb4 Rc6 19. Rad1 Rfc8 20. Bxe7 Qxe7 21.
Rd2 Qf7 22. Re1 Qg6 23. Qd1 Qf5 24. Re3 Rc2 25. Rde2 Rxe2 26. Rxe2 h6 27. Qa4
Rc1 28. Qe8+ Kh7 29. Rxe6 Qd3 30. Re2 Qb1 31. Qe6 Qd3 32. h5 Rc6 33. Qe8 Rc1 34.
Ne1 Qf5 35. Qf7 Rc8 36. Nf3 Rd8 37. Ne5 b6 38. Ng6 Qg4 39. Re8 Rxe8 40. Qxe8
Qe4+ 41. Qxe4 dxe4 42. Ne5 Kg8 43. f3 1-0

[Event "TCh-FRA Top 12 2021"]
[Site "Chalons en Champagne FRA"]
[Date "2021.06.25"]
[Round "2.4"]
[Board "2"]
[White "Guliyev, Namig"]
[Black "Anton Guijarro, David"]
[Result "1/2-1/2"]
[WhiteTitle "GM"]
[BlackTitle "GM"]
[WhiteElo "2551"]
[BlackElo "2673"]
[WhiteTeam "C'Chartres Echecs"]
[BlackTeam "Echiquier Chalonnais"]
[WhiteFideId "13400363"]
[BlackFideId "2285525"]
[EventDate "2021.06.24"]

1. e4 c6 2. d4 d5 3. exd5 cxd5 4. Bd3 Nc6 5. c3 e6 6. Bf4 Bd6 7. Bxd6 Qxd6 8.
Qg4 Kf8 9. Qg3 Qxg3 10. hxg3 Nf6 11. Nd2 h5 12. f4 Ne7 13. Ngf3 g6 14. Ne5 Kg7
15. Ndf3 Bd7 16. Ng5 Raf8 17. Kd2 Bc8 18. a4 Nf5 19. Rh3 Ng4 20. Bxf5 exf5 21.
Nd3 Re8 22. Rhh1 1/2-1/2

[Event "TCh-FRA Top 12 2021"]
[Site "Chalons en Champagne FRA"]
[Date "2021.06.25"]
[Round "2.4"]
[Board "3"]
[White "Topalov, Veselin"]
[Black "Bauer, Christian"]
[Result "1/2-1/2"]
[WhiteTitle "GM"]
[BlackTitle "GM"]
[WhiteElo "2735"]
[BlackElo "2639"]
[WhiteTeam "Echiquier Chalonnais"]
[BlackTeam "C'Chartres Echecs"]
[WhiteFideId "2900084"]
[BlackFideId "603767"]
[EventDate "2021.06.24"]

1. e4 Nf6 2. e5 Nd5 3. d4 d6 4. c4 Nb6 5. f4 g6 6. Nc3 Bg7 7. Be3 Be6 8. b3 O-O
9. Be2 dxe5 10. fxe5 c5 11. d5 Bf5 12. Rc1 Na6 13. Nf3 Nd7 14. Bf4 Qb8 15. d6
exd6 16. exd6 Nb4 17. a3 Nc6 18. O-O Qd8 19. Nd5 Nf6 20. Bg5 h6 21. Nxf6+ Bxf6
22. Bxh6 Re8 23. Bf4 Bb2 24. Qd2 Qf6 25. Rcd1 Bc3 26. Bg5 Bxd2 27. Bxf6 Be3+ 28.
Kh1 Re6 29. Bh4 Bf4 30. Bd3 Bxd3 31. Rxd3 Rxd6 32. Rd5 Rxd5 33. cxd5 Ne5 34.
Nxe5 Bxe5 35. Be7 f6 36. g4 g5 37. h4 gxh4 38. g5 fxg5 39. d6 Bxd6 40. Bxd6 Rd8
41. Bxc5 b6 42. Be7 Rd3 43. Rg1 Rh3+ 44. Kg2 1/2-1/2

[Event "TCh-FRA Top 12 2021"]
[Site "Chalons en Champagne FRA"]
[Date "2021.06.25"]
[Round "2.4"]
[Board "4"]
[White "Lagarde, Maxime"]
[Black "Fedorchuk, Sergey A."]
[Result "1/2-1/2"]
[WhiteTitle "GM"]
[BlackTitle "GM"]
[WhiteElo "2648"]
[BlackElo "2616"]
[WhiteTeam "C'Chartres Echecs"]
[BlackTeam "Echiquier Chalonnais"]
[WhiteFideId "662399"]
[BlackFideId "14102536"]
[EventDate "2021.06.24"]

1. e4 c5 2. Nf3 e6 3. d4 cxd4 4. Nxd4 Nc6 5. Nc3 Qc7 6. Be3 a6 7. Qd2 Nf6 8. f4
Bb4 9. Bd3 Na5 10. a3 Bxc3 11. Qxc3 Qxc3+ 12. bxc3 d5 13. exd5 exd5 14. Nb3 Nc4
15. Bd4 Ne4 16. Nc5 Nxc5 17. Bxc5 Bd7 18. O-O-O O-O-O 19. Bxc4 dxc4 20. Bb6 Rde8
21. Rd4 Re6 22. Rxc4+ Kb8 23. Bc7+ Ka7 24. a4 b5 25. Rd4 Bc6 26. a5 Kb7 27. f5
Re2 28. Bg3 Rhe8 29. Rhd1 Rxg2 30. R1d2 Ree2 31. Rxe2 Rxe2 1/2-1/2

[Event "TCh-FRA Top 12 2021"]
[Site "Chalons en Champagne FRA"]
[Date "2021.06.25"]
[Round "2.4"]
[Board "5"]
[White "Edouard, Romain"]
[Black "Maurizzi, Marc Andria"]
[Result "1-0"]
[WhiteTitle "GM"]
[BlackTitle "IM"]
[WhiteElo "2598"]
[BlackElo "2503"]
[WhiteTeam "Echiquier Chalonnais"]
[BlackTeam "C'Chartres Echecs"]
[WhiteFideId "633429"]
[BlackFideId "36083534"]
[EventDate "2021.06.24"]

1. Nf3 d5 2. b3 Nf6 3. Bb2 Bf5 4. g3 e6 5. Bg2 h6 6. O-O Be7 7. Ne5 Nbd7 8. d3
Nxe5 9. Bxe5 O-O 10. Nd2 Bh7 11. e4 a5 12. a4 c6 13. Qe2 Qb6 14. Bb2 Qa6 15. Kh1
dxe4 16. Nxe4 Bxe4 17. Bxe4 Rfe8 18. f4 Nd5 19. Bxd5 cxd5 20. Qg4 Bf8 21. f5 e5
22. f6 g6 23. Rae1 Qc6 24. Bxe5 Qxc2 25. d4 Rac8 26. h4 Rc3 27. Kg1 h5 28. Qg5
Kh7 29. Bf4 Rxe1 30. Rxe1 Rf3 31. Qe5 Qxb3 32. Kg2 Rxf4 33. Qxf4 Qxa4 34. Qe5
Kg8 35. Rc1 Qb4 36. Rc8 b5 37. Kh3 a4 38. Qe7 1-0

[Event "TCh-FRA Top 12 2021"]
[Site "Chalons en Champagne FRA"]
[Date "2021.06.25"]
[Round "2.4"]
[Board "6"]
[White "Medvegy, Zoltan"]
[Black "David, Alberto"]
[Result "0-1"]
[WhiteTitle "GM"]
[BlackTitle "GM"]
[WhiteElo "2527"]
[BlackElo "2527"]
[WhiteTeam "C'Chartres Echecs"]
[BlackTeam "Echiquier Chalonnais"]
[WhiteFideId "708402"]
[BlackFideId "4000013"]
[EventDate "2021.06.24"]

1. c4 e5 2. Nc3 Nf6 3. Nf3 Nc6 4. e4 Bb4 5. d3 d6 6. a3 Bc5 7. b4 Bb6 8. Na4 Bg4
9. Nxb6 axb6 10. Bb2 Ne7 11. h3 Bxf3 12. Qxf3 c5 13. b5 Ng6 14. g3 Nf8 15. h4
Ne6 16. Bh3 Nd4 17. Qd1 O-O 18. O-O Ne8 19. f4 exf4 20. Rxf4 Qe7 21. Qf1 Nf6 22.
Bxd4 cxd4 23. Qf2 Ra4 24. Rf5 Rfa8 25. Qxd4 Rxa3 26. Raf1 Rb3 27. R5f3 h5 28.
Qxb6 Raa3 29. Qd4 Qe5 30. Qxe5 dxe5 31. Bc8 b6 32. Bb7 Rxd3 33. Rxd3 Rxd3 34.
Kg2 Ng4 35. Rf3 Rd4 36. Rc3 Rxc4 37. Rxc4 Ne3+ 38. Kf3 Nxc4 39. g4 Nd6 40. Bc6
Kh7 41. g5 Kg6 42. Bd7 f6 43. gxf6 Kxf6 44. Bc6 g5 45. Kg3 Kg6 46. Kh3 Kh6 47.
Kg3 Nf7 48. Be8 Nh8 49. hxg5+ Kxg5 50. Kf3 Ng6 51. Bd7 Nf4 52. Ke3 Kf6 53. Kf3
Ke7 0-1

[Event "TCh-FRA Top 12 2021"]
[Site "Chalons en Champagne FRA"]
[Date "2021.06.25"]
[Round "2.4"]
[Board "7"]
[White "Velten, Paul"]
[Black "Devallee, Jeremie"]
[Result "1/2-1/2"]
[WhiteTitle "GM"]
[BlackTitle "FM"]
[WhiteElo "2482"]
[BlackElo "2220"]
[WhiteTeam "Echiquier Chalonnais"]
[BlackTeam "C'Chartres Echecs"]
[WhiteFideId "681091"]
[BlackFideId "665240"]
[EventDate "2021.06.24"]

1. d4 Nf6 2. c4 c5 3. d5 e6 4. Nc3 exd5 5. cxd5 d6 6. Nf3 g6 7. Nd2 Bg7 8. e4
O-O 9. Be2 Na6 10. O-O Re8 11. Re1 Rb8 12. a4 Nc7 13. Qc2 a6 14. Rb1 b5 15. axb5
Nxb5 16. Nxb5 axb5 17. Ra1 c4 1/2-1/2

[Event "TCh-FRA Top 12 2021"]
[Site "Chalons en Champagne FRA"]
[Date "2021.06.25"]
[Round "2.4"]
[Board "8"]
[White "Martsynovskaya, Marina"]
[Black "Alexieva, Silvia"]
[Result "1-0"]
[WhiteTitle "WIM"]
[BlackTitle "IM"]
[WhiteElo "2046"]
[BlackElo "2271"]
[WhiteTeam "C'Chartres Echecs"]
[BlackTeam "Echiquier Chalonnais"]
[WhiteFideId "609218"]
[BlackFideId "2902265"]
[EventDate "2021.06.24"]

1. e4 c6 2. d4 d5 3. Nc3 dxe4 4. Nxe4 Nf6 5. Nxf6+ exf6 6. Bf4 Be6 7. c3 Na6 8.
Nf3 Nc7 9. Bd3 Nd5 10. Bg3 h5 11. Qe2 Be7 12. O-O-O b5 13. Bb1 Qa5 14. Qc2 O-O-O
15. Rhe1 Rd7 16. h3 Nb6 17. Rxe6 fxe6 18. Qe4 Kb7 19. Qxe6 Rhd8 20. Nd2 Nd5 21.
Nb3 Qa4 22. Qe2 h4 23. Bxh4 Kb6 24. Bg3 g5 25. Bf5 Qxa2 26. Kc2 Ba3 27. Rb1 Re7
28. Qd2 Rde8 29. Bd3 Nf4 30. Bxf4 gxf4 31. Nc1 Qd5 32. bxa3 Qxg2 33. a4 a6 34.
Qxf4 Re1 35. axb5 axb5 36. Qxf6 R8e6 37. Qf8 Re8 38. Qf5 Qh1 39. Qc5+ Kb7 40.
Bxb5 1-0

[Event "TCh-FRA Top 12 2021"]
[Site "Chalons en Champagne FRA"]
[Date "2021.06.25"]
[Round "2.5"]
[Board "1"]
[White "Bluebaum, Matthias"]
[Black "Fantinel, Thibault"]
[Result "1/2-1/2"]
[WhiteTitle "GM"]
[BlackTitle "IM"]
[WhiteElo "2669"]
[BlackElo "2380"]
[WhiteTeam "Philidor Mulhouse"]
[BlackTeam "Echiquier Agenais"]
[WhiteFideId "24651516"]
[BlackFideId "663395"]
[EventDate "2021.06.24"]

1. d4 Nf6 2. c4 g6 3. Nc3 Bg7 4. e4 d6 5. h3 O-O 6. Be3 c5 7. d5 e6 8. Nf3 exd5
9. cxd5 Re8 10. Nd2 a6 11. a4 Nxe4 12. Ncxe4 f5 13. Be2 fxe4 14. Nc4 Qf6 15. Qd2
Nd7 16. Bf4 Ne5 17. Nxe5 Rxe5 18. Bxe5 Qxe5 19. O-O Bd7 20. Ra3 Rf8 21. Rb3 Bc8
22. Qc2 h5 23. Re3 Bf5 24. Bc4 Qe7 25. g4 hxg4 26. hxg4 Bxg4 27. Qxe4 Qxe4 28.
Rxe4 Bf3 29. Re6 Rf4 30. Be2 Rg4+ 31. Kh2 Bxe2 32. Rxe2 Be5+ 33. f4 Bxf4+ 34.
Kh3 Rg3+ 35. Kh4 g5+ 36. Kh5 Kg7 37. Re6 Rh3+ 38. Kg4 Rd3 39. Rfe1 Be5 40. Re7+
Kf6 41. Re6+ Kg7 42. Re7+ Kf6 43. Re6+ 1/2-1/2

[Event "TCh-FRA Top 12 2021"]
[Site "Chalons en Champagne FRA"]
[Date "2021.06.25"]
[Round "2.5"]
[Board "2"]
[White "Kirk, Ezra"]
[Black "Gajewski, Grzegorz"]
[Result "0-1"]
[WhiteTitle "IM"]
[BlackTitle "GM"]
[WhiteElo "2447"]
[BlackElo "2603"]
[WhiteTeam "Echiquier Agenais"]
[BlackTeam "Philidor Mulhouse"]
[WhiteFideId "600067"]
[BlackFideId "1116207"]
[EventDate "2021.06.24"]

1. e4 c5 2. Nf3 d6 3. Bb5+ Nd7 4. c3 Nf6 5. Qe2 a6 6. Ba4 g6 7. d4 Qa5 8. Bc2
cxd4 9. Nxd4 Bg7 10. Nd2 O-O 11. O-O Qc7 12. a4 b6 13. Re1 Bb7 14. N4f3 e5 15.
c4 d5 16. Ra3 d4 17. Bb1 Rfd8 18. Nh4 Nc5 19. b4 Ne6 20. a5 bxa5 21. Rxa5 d3 22.
Qf1 Nf4 23. Bb2 Ne2+ 24. Rxe2 dxe2 25. Qxe2 Nh5 26. Nhf3 Nf4 27. Qe3 Qd7 28.
Rxe5 Qg4 29. g3 Bh6 30. Qb6 Qxf3 31. Re8+ Bf8 32. Rxf8+ Kxf8 33. Qc5+ Kg8 0-1

[Event "TCh-FRA Top 12 2021"]
[Site "Chalons en Champagne FRA"]
[Date "2021.06.25"]
[Round "2.5"]
[Board "3"]
[White "Istratescu, Andrei"]
[Black "Favarel, Julien"]
[Result "1/2-1/2"]
[WhiteTitle "GM"]
[BlackTitle "FM"]
[WhiteElo "2553"]
[BlackElo "2338"]
[WhiteTeam "Philidor Mulhouse"]
[BlackTeam "Echiquier Agenais"]
[WhiteFideId "1200372"]
[BlackFideId "633453"]
[EventDate "2021.06.24"]

1. c4 e5 2. Nc3 Nf6 3. Nf3 e4 4. Ng5 c6 5. d3 exd3 6. e4 Bb4 7. Bxd3 d6 8. O-O
h6 9. Nf3 Nbd7 10. Na4 Nc5 11. a3 Nxd3 12. Qxd3 Ba5 13. Bf4 O-O 14. b4 Bc7 15.
h3 Qe7 16. Rfe1 Nd7 17. c5 Ne5 18. cxd6 Bxd6 19. Bxe5 Bxe5 20. Nxe5 Qxe5 21.
Rad1 Be6 22. Qe3 1/2-1/2

[Event "TCh-FRA Top 12 2021"]
[Site "Chalons en Champagne FRA"]
[Date "2021.06.25"]
[Round "2.5"]
[Board "4"]
[White "Ternault, Mathieu"]
[Black "Burri, Quentin"]
[Result "1/2-1/2"]
[WhiteTitle "FM"]
[BlackTitle "IM"]
[WhiteElo "2308"]
[BlackElo "2415"]
[WhiteTeam "Echiquier Agenais"]
[BlackTeam "Philidor Mulhouse"]
[WhiteFideId "20641532"]
[BlackFideId "26028654"]
[EventDate "2021.06.24"]

1. d4 Nf6 2. Nf3 e6 3. Bf4 c5 4. e3 d5 5. Nbd2 Bd6 6. Bg3 O-O 7. c3 Qc7 8. dxc5
Qxc5 9. Bd3 Bxg3 10. hxg3 h6 11. e4 Nc6 12. Qc2 Bd7 13. Rh4 e5 14. exd5 Nxd5 15.
Bc4 Nde7 16. Ne4 Bf5 17. g4 Qxc4 18. gxf5 Nb4 19. Qe2 Qxe2+ 20. Kxe2 Nbd5 21. f6
Ng6 22. Rh2 Rad8 23. g3 gxf6 24. Rxh6 f5 25. Neg5 Kg7 26. Rah1 Nf6 27. R6h2 Rd7
28. Nh7 Rfd8 29. Nxf6 Kxf6 30. Re1 Rd6 1/2-1/2

[Event "TCh-FRA Top 12 2021"]
[Site "Chalons en Champagne FRA"]
[Date "2021.06.25"]
[Round "2.5"]
[Board "5"]
[White "Rakotomaharo, Fy Antenaina"]
[Black "Louis, Thibault"]
[Result "1-0"]
[WhiteTitle "IM"]
[BlackTitle "FM"]
[WhiteElo "2435"]
[BlackElo "2269"]
[WhiteTeam "Philidor Mulhouse"]
[BlackTeam "Echiquier Agenais"]
[WhiteFideId "13100050"]
[BlackFideId "681369"]
[EventDate "2021.06.24"]

1. e4 c6 2. d4 d5 3. e5 c5 4. Nf3 Nc6 5. dxc5 e6 6. Be3 Nh6 7. c3 Nf5 8. Qd2 Qc7
9. Bd4 Be7 10. Bd3 Nfxd4 11. cxd4 f6 12. exf6 Bxf6 13. Nc3 O-O 14. O-O g6 15.
Bb5 Ne7 16. Rfe1 Nf5 17. Bf1 Qg7 18. Ne5 g5 19. Rac1 g4 20. Qd1 h5 21. Nb5 Bg5
22. Rc2 a6 23. Nd6 Nh4 24. g3 Ng6 25. Nxg6 Qxg6 26. Bd3 Qf6 27. Re5 Qh6 28. Nxc8
Raxc8 29. Rce2 Rf6 30. Qe1 Kf7 31. Qb4 Rc7 32. Qb6 Re7 33. Qd6 Rf3 34. Bf5 Bf6
35. Rxe6 Qc1+ 36. Kg2 Rxf5 37. Rxe7+ Kg6 38. Qe6 1-0